[Event "40th Olympiad Open"]
[Site "Istanbul TUR"]
[Date "2012.09.04"]
[Round "7.38"]
[Board "1"]
[White "Al-Modiahki, Mohamad"]
[Black "Shukuraliev, Algis"]
[Result "1-0"]
[WhiteTitle "GM"]
[WhiteElo "2542"]
[BlackElo "2360"]
[WhiteTeam "Qatar"]
[BlackTeam "Kyrgyzstan"]
[WhiteFideId "12100030"]
[BlackFideId "13800426"]
[EventDate "2012.08.28"]

1. e4 e5 2. Nf3 Nc6 3. Bb5 a6 4. Ba4 Nf6 5. O-O Be7 6. Re1 b5 7. Bb3 O-O 8. h3
Bb7 9. d3 Re8 10. Nc3 d6 11. a3 h6 12. Ne2 d5 13. exd5 Nxd5 14. Ng3 Bc5 15. Ne4
Bb6 16. Bxh6 Na5 17. Bg5 Qd7 18. Ba2 c5 19. Bd2 c4 20. Nfg5 f6 21. Nf3 Rac8 22.
Bxa5 Bxa5 23. dxc4 bxc4 24. c3 Red8 25. Nfd2 Nb6 26. b4 cxb3 27. Nxb3 Qxd1 28.
Raxd1 Rxd1 29. Rxd1 Bxe4 30. Nxa5+ Kf8 31. f3 Bg6 32. Rd6 Rxc3 33. Bb3 Rc5 34.
Nc6 Be8 35. Nxe5 Rb5 36. Nc4 Bf7 37. Rxb6 Rxb6 38. Nxb6 Bxb3 39. Kf2 Ke7 40. Ke3
Kd6 41. Kd4 f5 42. Nc4+ Bxc4 43. Kxc4 Ke5 44. g3 f4 45. g4 g5 46. Kc5 a5 47. a4
Ke6 48. Kd4 Kd6 49. Ke4 Ke6 50. h4 gxh4 51. Kxf4 Kf6 52. Ke3 Kg5 53. Ke4 1-0

[Event "40th Olympiad Open"]
[Site "Istanbul TUR"]
[Date "2012.09.04"]
[Round "7.38"]
[Board "3"]
[White "Nezad, Husein Aziz"]
[Black "Abdyjapar, Asyl"]
[Result "1-0"]
[WhiteTitle "IM"]
[BlackTitle "FM"]
[WhiteElo "2393"]
[BlackElo "2365"]
[WhiteTeam "Qatar"]
[BlackTeam "Kyrgyzstan"]
[WhiteFideId "12100293"]
[BlackFideId "13800337"]
[EventDate "2012.08.28"]

1. d4 Nf6 2. c4 g6 3. Nc3 d5 4. Bg5 Ne4 5. Bh4 Nxc3 6. bxc3 dxc4 7. e3 Be6 8.
Nf3 Bg7 9. Be2 O-O 10. O-O Bd5 11. Qc2 f5 12. Nd2 b5 13. a4 a6 14. f3 c6 15. e4
fxe4 16. fxe4 Rxf1+ 17. Rxf1 Be6 18. Nf3 h6 19. Bg3 Nd7 20. Nh4 Nf8 21. Bf3 Rb8
22. Bxb8 Qxb8 23. e5 Qe8 24. axb5 axb5 25. Be4 Bf7 26. Qf2 e6 27. Bxc6 Qxc6 28.
Qxf7+ Kh7 29. Qe7 Qe4 30. Rxf8 Qe3+ 31. Rf2 g5 32. Qxe6 1-0

[Event "40th Olympiad Open"]
[Site "Istanbul TUR"]
[Date "2012.09.04"]
[Round "7.38"]
[Board "4"]
[White "Takyrbashev, B."]
[Black "Al-Sulaiti, Ghanem"]
[Result "0-1"]
[BlackTitle "FM"]
[WhiteElo "2195"]
[BlackElo "2178"]
[WhiteTeam "Kyrgyzstan"]
[BlackTeam "Qatar"]
[WhiteFideId "13800272"]
[BlackFideId "12100358"]
[EventDate "2012.08.28"]

1. d4 Nf6 2. c4 e6 3. Nf3 d5 4. Nc3 Be7 5. Bg5 O-O 6. e3 Nbd7 7. Rc1 dxc4 8.
Bxc4 a6 9. a4 c5 10. O-O cxd4 11. exd4 Nb6 12. Ba2 Nbd5 13. Ne5 Nb4 14. Bb1 Bd7
15. Qf3 Bc6 16. Qh3 g6 17. Rfe1 Nh5 18. Bxe7 Qxe7 19. Nxc6 bxc6 20. Re5 Rfd8 21.
Qe3 Nf6 22. h3 Rab8 23. Rc5 Qd6 24. Ne2 Nd7 25. Ra5 Qc7 26. Rg5 Nd5 27. Qa3 Qb6
28. Rc2 N7f6 29. Rd2 Qb4 30. Rg3 Qxd2 0-1

[Event "40th Olympiad Open"]
[Site "Istanbul TUR"]
[Date "2012.09.04"]
[Round "7.39"]
[Board "1"]
[White "Zhang, Zhong"]
[Black "Juarez Flores, Carlos A."]
[Result "1/2-1/2"]
[WhiteTitle "GM"]
[BlackTitle "IM"]
[WhiteElo "2595"]
[BlackElo "2349"]
[WhiteTeam "Singapore"]
[BlackTeam "Guatemala"]
[WhiteFideId "8600694"]
[BlackFideId "7300018"]
[EventDate "2012.08.28"]

1. d4 d5 2. c4 c6 3. Nc3 Nf6 4. Nf3 a6 5. e3 b5 6. b3 Bg4 7. Be2 e6 8. Bb2 Bd6
9. O-O O-O 10. Ne5 Bxe2 11. Nxe2 Nfd7 12. Nf4 Nxe5 13. dxe5 Bc7 14. cxd5 cxd5
15. e4 d4 16. Nd3 Nc6 17. f4 Rc8 18. Rc1 Bb6 19. Ba3 Re8 20. Bd6 Na5 21. Rf2 Rc3
22. Rfc2 Qa8 23. Qe2 Rec8 24. Kf1 h6 25. Rxc3 Rxc3 26. Bb4 Qc6 27. f5 Nb7 28.
Be7 a5 29. Rxc3 Qxc3 30. g3 Bc5 31. f6 Bxe7 32. fxe7 Qc6 33. Qg4 Qd7 34. Qh4 Kh7
35. g4 g5 36. Qf2 Qxe7 37. Qxd4 Qc7 1/2-1/2

[Event "40th Olympiad Open"]
[Site "Istanbul TUR"]
[Date "2012.09.04"]
[Round "7.39"]
[Board "2"]
[White "Garcia, Douglas"]
[Black "Li, Ruofan"]
[Result "0-1"]
[BlackTitle "IM"]
[WhiteElo "2180"]
[BlackElo "2419"]
[WhiteTeam "Guatemala"]
[BlackTeam "Singapore"]
[WhiteFideId "7300077"]
[BlackFideId "8600643"]
[EventDate "2012.08.28"]

1. d4 Nf6 2. c4 e6 3. a3 c5 4. e3 cxd4 5. exd4 d5 6. Nf3 Be7 7. Nc3 O-O 8. Bd3
b6 9. O-O Bb7 10. cxd5 Nxd5 11. Ne4 Nd7 12. Bd2 N7f6 13. Qe2 Rc8 14. Rac1 Rxc1
15. Rxc1 Qa8 16. Neg5 Qb8 17. Ne5 Qd6 18. Ba6 Ba8 19. Qc4 h6 20. Ngf3 Ne4 21.
Be1 Ng5 22. Nd2 Nf4 23. h4 Nxg2 24. hxg5 Bxg5 25. Qd3 Rd8 26. Bb5 Nxe1 27. Rxe1
Bxd2 28. Qxd2 Qd5 29. f3 Qxb5 30. Qf4 f6 31. Ng4 Qd5 32. Qe3 Qxf3 33. Qxe6+ Kh8
34. Re2 Bd5 0-1

[Event "40th Olympiad Open"]
[Site "Istanbul TUR"]
[Date "2012.09.04"]
[Round "7.39"]
[Board "3"]
[White "Shanmugam, Ravindran"]
[Black "Galvez Dastin, Eduardo"]
[Result "1-0"]
[WhiteTitle "IM"]
[WhiteElo "2406"]
[BlackElo "2160"]
[WhiteTeam "Singapore"]
[BlackTeam "Guatemala"]
[WhiteFideId "5801770"]
[BlackFideId "7300310"]
[EventDate "2012.08.28"]

1. e4 c6 2. Nf3 d5 3. Nc3 Bg4 4. h3 Bxf3 5. Qxf3 dxe4 6. Nxe4 Nd7 7. d4 Ndf6 8.
Bd3 Nxe4 9. Bxe4 Nf6 10. O-O Nxe4 11. Qxe4 Qd5 12. Qe2 g6 13. c4 Qe6 14. Qxe6
fxe6 15. Re1 Bg7 16. Re4 Rd8 17. Be3 Kf7 18. Rc1 Rd7 19. c5 Rhd8 20. Rc4 Rd5 21.
Rb4 R8d7 22. f4 h5 23. Kf2 Rf5 24. Kf3 Rfd5 25. Bf2 Bf6 26. g4 hxg4+ 27. hxg4
Bg7 28. g5 Rc7 29. Re1 Rd8 30. Rh1 Rcd7 31. Ke4 Rb8 32. Rh3 b6 33. Ra3 Rdb7 34.
b3 Ke8 35. cxb6 axb6 36. Ra6 Kd7 37. Rba4 Rh8 38. Ra8 Rh2 39. Be3 b5 40. R4a6
Rc7 41. Rg8 Rh7 42. Raa8 Kd6 43. Bd2 c5 44. Ba5 Bxd4 45. Bxc7+ Kxc7 46. Rxg6 Rh3
47. Rxe6 1-0

[Event "40th Olympiad Open"]
[Site "Istanbul TUR"]
[Date "2012.09.04"]
[Round "7.39"]
[Board "4"]
[White "Giron, David"]
[Black "Fernandez, Daniel Howard"]
[Result "0-1"]
[BlackTitle "IM"]
[WhiteElo "2025"]
[BlackElo "2370"]
[WhiteTeam "Guatemala"]
[BlackTeam "Singapore"]
[WhiteFideId "7300697"]
[BlackFideId "5801605"]
[EventDate "2012.08.28"]

1. e4 c6 2. d4 d5 3. Nc3 dxe4 4. Nxe4 Nd7 5. Nf3 Ngf6 6. Ng3 Qc7 7. Bc4 e6 8.
Qe2 Nb6 9. Bb3 Be7 10. O-O O-O 11. Re1 c5 12. c3 cxd4 13. Nxd4 Nbd5 14. Bg5 Re8
15. c4 Nf4 16. Qf3 Ng6 17. h4 h6 18. Nb5 Qb8 19. h5 Ne5 20. Qf4 hxg5 21. Qxe5 a6
22. Qxb8 Rxb8 23. Nc3 Bd7 24. Rad1 Bc6 25. a3 Rec8 26. Nd5 Bd8 27. Nb4 Be8 28.
Ne4 Nxe4 29. Rxe4 Bf6 30. Re2 Kh7 31. g4 Kg8 32. Kg2 Rd8 33. Red2 Rxd2 34. Rxd2
a5 35. Nd3 Bc6+ 36. f3 Rd8 37. Rd1 Rd4 38. Kf2 Kf8 39. Ba2 Ke7 40. b4 axb4 41.
axb4 Ba4 42. Rd2 Rd8 43. Bb1 Bb3 44. c5 Bd4+ 45. Kg2 Bc3 46. Rf2 Bc4 47. Nb2 Ba6
48. Be4 Bxb4 49. c6 bxc6 50. Bxc6 Bd2 51. Be4 Kf6 52. Kh3 Ke5 53. Bd3 Bxd3 0-1

[Event "40th Olympiad Open"]
[Site "Istanbul TUR"]
[Date "2012.09.04"]
[Round "7.40"]
[Board "1"]
[White "Haddouche, Mohamed"]
[Black "Kojima, Shinya"]
[Result "1/2-1/2"]
[WhiteTitle "IM"]
[BlackTitle "FM"]
[WhiteElo "2429"]
[BlackElo "2282"]
[WhiteTeam "Algeria"]
[BlackTeam "Japan"]
[WhiteFideId "7900660"]
[BlackFideId "7000812"]
[EventDate "2012.08.28"]

1. e4 e6 2. d3 d5 3. Nd2 Nf6 4. Ngf3 b6 5. g3 dxe4 6. dxe4 Bb7 7. Qe2 Ba6 8. c4
Nc6 9. e5 Nd7 10. Bg2 Nc5 11. O-O Bb7 12. Rd1 Qd3 13. Qxd3 Nxd3 14. Nb3 O-O-O
15. Ng5 Ncxe5 16. Bxb7+ Kxb7 17. f4 h6 18. fxe5 hxg5 19. Bxg5 Rd7 20. Bf4 a5 21.
a4 Be7 22. Rd2 Bb4 23. Rdd1 Rhd8 24. Bg5 Rg8 25. Kg2 Nxe5 26. Rxd7 Nxd7 27. Rd1
Kc8 28. h4 Nc5 29. Nxc5 Bxc5 30. h5 f6 31. Bc1 Rd8 32. Rf1 Rd4 33. h6 gxh6 34.
Rxf6 Rxc4 35. Bxh6 Rc2+ 36. Kh3 Rxb2 37. g4 Rb3+ 38. Kg2 Rb4 39. g5 Be7 40. Rg6
Bxg5 41. Bxg5 Rxa4 42. Kf3 Rd4 43. Rxe6 Kb7 44. Ke3 Rd1 45. Ke2 Rd5 46. Bf4 b5
47. Re7 Rc5 48. Kd3 a4 49. Bd2 Rc4 50. Ba5 Rc6 51. Rf7 Rc4 52. Re7 Rc6 53. Rg7
Rc4 54. Rf7 Rc6 55. Rg7 Rc4 56. Rf7 Rc6 1/2-1/2

[Event "40th Olympiad Open"]
[Site "Istanbul TUR"]
[Date "2012.09.04"]
[Round "7.40"]
[Board "2"]
[White "Nanjo, Ryosuke"]
[Black "Oussedik, Mahfoud"]
[Result "1/2-1/2"]
[WhiteTitle "CM"]
[BlackTitle "CM"]
[WhiteElo "2316"]
[BlackElo "2242"]
[WhiteTeam "Japan"]
[BlackTeam "Algeria"]
[WhiteFideId "7000634"]
[BlackFideId "7901810"]
[EventDate "2012.08.28"]

1. e4 c5 2. Nf3 g6 3. d4 cxd4 4. Nxd4 Bg7 5. Nc3 Nc6 6. Be3 Nf6 7. Be2 O-O 8.
Nb3 a5 9. a4 d6 10. f4 Nb4 11. Bf3 Be6 12. O-O Rc8 13. Nd4 Bc4 14. Rf2 Nd7 15.
Rd2 Qc7 16. Ncb5 Qb8 17. c3 Nc6 18. b3 Nxd4 19. Nxd4 Ba6 20. c4 Nc5 21. Rb1 b6
22. e5 dxe5 23. Nc6 Rxc6 24. Bxc6 exf4 25. Bd4 Bxd4+ 26. Rxd4 Qc7 27. Qf3 Rc8
28. Be4 e5 29. Rd2 Nxe4 30. Qxe4 Bb7 31. Qd3 Qc5+ 32. Kf1 e4 33. Qd6 e3 34. Qxc5
bxc5 35. Rd6 Re8 36. Rf6 g5 37. h4 h6 38. hxg5 hxg5 39. Rf5 f6 40. Rxf6 Kg7 41.
Rd6 Re7 42. Re1 Be4 43. Kg1 Rb7 44. Re6 Bd3 45. Re5 Kf6 46. Rxc5 Rxb3 47. Rxa5
Be4 48. Rd1 g4 49. Rd6+ Ke7 50. Rd1 e2 51. Re1 Kf6 52. Rb5 Ra3 53. Rb2 f3 54.
gxf3 gxf3 55. Rb4 Ke5 56. Kf2 Ra2 57. a5 Kd4 58. c5+ Kd3 59. Rb3+ Kd2 60. Re3
Bd3 61. Rxf3 Rxa5 62. Rxd3+ Kxd3 63. Rxe2 Rxc5 64. Re8 1/2-1/2

[Event "40th Olympiad Open"]
[Site "Istanbul TUR"]
[Date "2012.09.04"]
[Round "7.40"]
[Board "3"]
[White "Dekar, Lies"]
[Black "Watanabe, Akira"]
[Result "1/2-1/2"]
[WhiteTitle "IM"]
[BlackTitle "FM"]
[WhiteElo "2155"]
[BlackElo "2278"]
[WhiteTeam "Algeria"]
[BlackTeam "Japan"]
[WhiteFideId "7900066"]
[BlackFideId "7000227"]
[EventDate "2012.08.28"]

1. e4 c5 2. Nf3 d6 3. d4 cxd4 4. Nxd4 Nf6 5. Nc3 a6 6. h3 e6 7. g4 Nc6 8. Bg2
Qc7 9. O-O Be7 10. Kh1 O-O 11. g5 Nd7 12. h4 Re8 13. Nce2 Bf8 14. b3 Nxd4 15.
Nxd4 b5 16. Bb2 Bb7 17. a4 bxa4 18. Rxa4 Nc5 19. Rc4 d5 20. exd5 exd5 21. Rc3
Qf4 22. Bc1 Qe5 23. Rf3 Ne6 24. Be3 Bd6 25. Rg3 Nxd4 26. Bxd4 Qf4 27. Qg4 Qxg4
28. Rxg4 Bc8 29. Rg3 Bxg3 30. fxg3 Bb7 31. b4 Re2 32. c3 Rae8 33. Bf3 Rc2 34. h5
Bc6 35. Ra1 Bb7 36. Rf1 Re7 37. Kg1 Bc6 38. Ra1 h6 39. gxh6 gxh6 40. Kh1 Bb7 41.
Rg1 f5 42. g4 f4 43. g5 hxg5 44. Rxg5+ Kh7 45. Rg1 Rc7 46. Re1 R2xc3 47. Re8
Rc1+ 48. Kh2 Kh6 49. Re6+ Kh7 50. Re8 Kh6 51. Re6+ Kh7 1/2-1/2

[Event "40th Olympiad Open"]
[Site "Istanbul TUR"]
[Date "2012.09.04"]
[Round "7.40"]
[Board "4"]
[White "Iwasaki, Yudai"]
[Black "Medjkouh, Said"]
[Result "1-0"]
[WhiteTitle "CM"]
[WhiteElo "2137"]
[BlackElo "2081"]
[WhiteTeam "Japan"]
[BlackTeam "Algeria"]
[WhiteFideId "7000626"]
[BlackFideId "7901496"]
[EventDate "2012.08.28"]

1. e4 c5 2. Nf3 g6 3. d4 cxd4 4. Nxd4 Bg7 5. c4 Nc6 6. Nc2 d6 7. Be2 Nh6 8. O-O
O-O 9. Nc3 f5 10. Bg5 Nf7 11. Be3 fxe4 12. Rb1 Bxc3 13. bxc3 Qa5 14. Qd2 Qc7 15.
Qd5 b6 16. Nd4 Nxd4 17. cxd4 Bb7 18. Qb5 e5 19. d5 Bc8 20. a4 Nd8 21. a5 bxa5
22. c5 dxc5 23. Bxc5 Ba6 24. Qxa6 Qxc5 25. Rb5 Qd4 26. Rxa5 e3 27. f3 Nf7 28.
Rd1 Qb6 29. d6 Kg7 30. d7 Qb2 31. Rc5 Rad8 32. Rc7 Nh6 33. Rxa7 Nf5 34. Qb5 Qxb5
35. Bxb5 Nd4 36. Ba4 e2 37. Re1 Kf6 38. Kf2 Ra8 39. Rxa8 Rxa8 40. Rc1 Ne6 41.
Bb3 Rd8 42. Rc6 Rxd7 43. Rxe6+ Kg7 44. Rxe5 Rd3 45. Bc2 Rd6 46. Rxe2 Kf6 47. f4
Rc6 48. g4 h6 49. h4 1-0

[Event "40th Olympiad Open"]
[Site "Istanbul TUR"]
[Date "2012.09.04"]
[Round "7.41"]
[Board "1"]
[White "Rahman, Ziaur"]
[Black "Cori, Jorge"]
[Result "0-1"]
[WhiteTitle "GM"]
[BlackTitle "GM"]
[WhiteElo "2516"]
[BlackElo "2487"]
[WhiteTeam "Bangladesh"]
[BlackTeam "Peru"]
[WhiteFideId "10200037"]
[BlackFideId "3802272"]
[EventDate "2012.08.28"]

1. c4 e5 2. g3 Nf6 3. Bg2 Nc6 4. Nc3 Bb4 5. Nd5 O-O 6. Nxb4 Nxb4 7. d3 a5 8. Nf3
Re8 9. O-O d6 10. Bg5 h6 11. Bxf6 Qxf6 12. Nd2 Qe7 13. Ne4 Be6 14. Nc3 c6 15. a3
Na6 16. Rb1 Red8 17. b4 d5 18. b5 Nc5 19. bxc6 dxc4 20. cxb7 Rab8 21. Rb5 cxd3
22. exd3 Nxb7 23. Qb1 Qc7 24. Nd5 Bxd5 25. Bxd5 Nd6 26. Rxb8 Rxb8 27. Qa1 Qc5
28. Qxe5 Rb5 29. Bxf7+ Kxf7 30. Qf4+ Kg8 31. Rc1 Qd5 32. Qe3 Rb3 33. a4 Rxd3 34.
Qe1 Kh7 35. h3 Nf5 36. Qe2 Rd2 37. Qh5 Qe4 38. Qg4 Qxg4 39. hxg4 Nd6 40. g5 hxg5
41. Rc5 Ne4 42. Rxa5 Nxf2 43. Kg2 g4 44. Ra8 Ne4+ 45. Kg1 Nxg3 46. a5 Nf5 47.
Rf8 Kg6 48. a6 Ra2 0-1

[Event "40th Olympiad Open"]
[Site "Istanbul TUR"]
[Date "2012.09.04"]
[Round "7.41"]
[Board "2"]
[White "Vera Siguenas, Deivy"]
[Black "Hossain, Enamul"]
[Result "1/2-1/2"]
[WhiteTitle "FM"]
[BlackTitle "GM"]
[WhiteElo "2359"]
[BlackElo "2480"]
[WhiteTeam "Peru"]
[BlackTeam "Bangladesh"]
[WhiteFideId "3804623"]
[BlackFideId "10200649"]
[EventDate "2012.08.28"]

1. e4 e5 2. Nf3 Nc6 3. Bb5 a6 4. Ba4 Nf6 5. O-O Be7 6. Re1 b5 7. Bb3 d6 8. c3
O-O 9. h3 h6 10. d4 Re8 11. Nbd2 Bf8 12. d5 Ne7 13. Nf1 Ng6 14. Ng3 Nh7 15. a4
Rb8 16. axb5 axb5 17. Bc2 Be7 18. b4 Ng5 19. Ra7 Bd7 20. Nf5 Nxf3+ 21. Qxf3 Nh4
22. Nxe7+ Rxe7 23. Qg3 Ng6 24. h4 Kh8 25. h5 Nf8 26. Qh4 Nh7 27. Be3 f6 28. Rea1
Ng5 29. Bd1 Rf7 30. Qg3 Be8 31. Bxg5 fxg5 32. Bg4 Bd7 33. Bxd7 Rxd7 34. Qg4 Rf7
35. g3 Kh7 36. Kg2 Rf6 37. f3 Rf7 38. R1a6 Qf8 39. Rc6 Ra8 40. Ra5 Rb8 41. Ra7
Ra8 42. Ra5 Rb8 43. Ra7 1/2-1/2

[Event "40th Olympiad Open"]
[Site "Istanbul TUR"]
[Date "2012.09.04"]
[Round "7.41"]
[Board "3"]
[White "Murshed, Niaz"]
[Black "Leiva, Giuseppe"]
[Result "1/2-1/2"]
[WhiteTitle "GM"]
[BlackTitle "FM"]
[WhiteElo "2462"]
[BlackElo "2283"]
[WhiteTeam "Bangladesh"]
[BlackTeam "Peru"]
[WhiteFideId "10200010"]
[BlackFideId "3804399"]
[EventDate "2012.08.28"]

1. d4 Nf6 2. c4 e6 3. g3 c5 4. d5 exd5 5. cxd5 b5 6. Bg2 g6 7. d6 Nc6 8. Nc3 Bg7
9. Nxb5 Qa5+ 10. Nc3 O-O 11. Nh3 Rb8 12. O-O Ba6 13. Re1 Rfe8 14. Nf4 Nd4 15. e3
Nb3 16. Rb1 Nxc1 17. Qxc1 Rb6 18. Rd1 Bf8 19. Ncd5 Nxd5 20. Nxd5 Rxd6 21. Qc3
Qxc3 22. bxc3 Bc4 23. Rb7 Re5 24. e4 Bxd5 25. exd5 a6 26. Kf1 Re8 27. Re1 Rd8
28. Ke2 c4 29. Kd2 Rc8 30. Kc2 f5 31. f4 Kf7 32. Bf3 Rc5 33. Reb1 Bg7 34. R1b4
Ke7 35. Ra4 Rb5 36. Ra7 Rdb6 37. Rxc4 Rb2+ 38. Kd3 Rf2 39. Ke3 Rc2 40. Kd3 Rf2
41. Ke3 Rc2 1/2-1/2

[Event "40th Olympiad Open"]
[Site "Istanbul TUR"]
[Date "2012.09.04"]
[Round "7.41"]
[Board "4"]
[White "Rojas Guevara, David"]
[Black "Reefat, Bin-Sattar"]
[Result "0-1"]
[BlackTitle "GM"]
[WhiteElo "2057"]
[BlackElo "2448"]
[WhiteTeam "Peru"]
[BlackTeam "Bangladesh"]
[WhiteFideId "3820998"]
[BlackFideId "10200207"]
[EventDate "2012.08.28"]

1. e4 e6 2. d4 d5 3. exd5 exd5 4. Qf3 Nf6 5. h3 Nc6 6. c3 Ne7 7. Bd3 Ng6 8. Qe2+
Be7 9. Nf3 O-O 10. O-O Nh5 11. Qc2 Kh8 12. Re1 Nhf4 13. Bf5 Bd6 14. Bxf4 Nxf4
15. Bxc8 Rxc8 16. Nbd2 Qf6 17. b4 Rfe8 18. Kf1 c6 19. a3 g6 20. c4 Kg7 21. c5
Bc7 22. a4 h5 23. h4 Ne6 24. Qd3 Nf4 25. Qc2 Ne6 26. Qd3 Re7 27. g3 Rce8 28. Re3
a5 29. Qc3 axb4 30. Qxb4 g5 31. Rae1 g4 32. Ng5 Bxg3 33. Nde4 dxe4 34. Nxe4 Qxd4
35. Qxd4+ Nxd4 36. Nxg3 Rxe3 37. fxe3 Ne6 38. Rc1 Kg6 39. Ne2 Ra8 40. Rc4 Ra5
41. Nf4+ Nxf4 42. exf4 Kf5 43. Kf2 f6 44. Ke3 Ra8 45. Re4 Rg8 0-1

[Event "40th Olympiad Open"]
[Site "Istanbul TUR"]
[Date "2012.09.04"]
[Round "7.42"]
[Board "1"]
[White "Kulpruethanon, Thanadon"]
[Black "Guerra Tulcan, Lenin"]
[Result "0-1"]
[BlackTitle "FM"]
[WhiteElo "2068"]
[BlackElo "2424"]
[WhiteTeam "Thailand"]
[BlackTeam "Ecuador"]
[WhiteFideId "6201610"]
[BlackFideId "3601382"]
[EventDate "2012.08.28"]

1. e4 c5 2. Nf3 e6 3. d4 cxd4 4. Nxd4 a6 5. Bd3 Nf6 6. O-O e5 7. Nf3 d6 8. c4
Be7 9. Nc3 h6 10. h3 Be6 11. Be3 O-O 12. Qe2 Nbd7 13. Rfd1 Re8 14. Rac1 Rc8 15.
b4 Bf8 16. Nd2 Qc7 17. a3 Qb8 18. Nb3 Qa8 19. Nd5 b5 20. Qf3 bxc4 21. Bxc4 Bxd5
22. Bxd5 Nxd5 23. exd5 Rxc1 24. Rxc1 Nf6 25. Rc6 e4 26. Qe2 Nxd5 27. Rxa6 Qc8
28. Nd4 Nxe3 29. fxe3 Qc1+ 30. Kh2 d5 31. Nf5 g6 32. Qg4 Qc7+ 33. Kg1 Kh7 34.
Nd4 Qc1+ 35. Kf2 Bg7 36. Ne2 Qc4 37. Ra7 d4 38. Qf4 d3 39. Nd4 d2 40. Qg4 Bxd4 0-1

[Event "40th Olympiad Open"]
[Site "Istanbul TUR"]
[Date "2012.09.04"]
[Round "7.42"]
[Board "2"]
[White "Macias Murillo, Bryan"]
[Black "Kananub, Warot"]
[Result "1-0"]
[WhiteTitle "IM"]
[WhiteElo "2365"]
[BlackElo "2139"]
[WhiteTeam "Ecuador"]
[BlackTeam "Thailand"]
[WhiteFideId "3603296"]
[BlackFideId "6201601"]
[EventDate "2012.08.28"]

1. c4 Nf6 2. Nf3 c6 3. b3 d5 4. Bb2 Nbd7 5. d4 e6 6. Nc3 Bd6 7. g3 O-O 8. Bg2 e5
9. dxe5 Nxe5 10. cxd5 cxd5 11. O-O Nxf3+ 12. Bxf3 Be5 13. Qd3 Be6 14. Bg2 Ne4
15. Rab1 Nxc3 16. Bxc3 Bxc3 17. Qxc3 Qb6 18. Rbd1 Rfd8 19. e3 Rac8 20. Qb2 Rc5
21. Rd2 Rc7 22. Rfd1 Rcd7 23. Rd4 h6 24. Bf3 a6 25. b4 Qd6 26. b5 axb5 27. Be2
Rc7 28. Bxb5 Qc5 29. Bc4 Qa5 30. Bb3 Rcd7 31. Kg2 Qb6 32. Qd2 Qc7 33. Ba4 Rd6
34. e4 Qc5 35. Bb3 Qc8 36. exd5 Bh3+ 37. Kg1 Bg4 38. Rc1 Qd7 39. Qf4 h5 40. Re1
Rf6 41. Qg5 Bf3 42. Rf4 Re8 43. Re6 fxe6 44. Rxf6 Qe7 45. Qg6 Qxf6 46. Qxe8+ Kh7
47. Qb5 exd5 48. Bc2+ Be4 49. Bxe4+ dxe4 50. Qxh5+ Kg8 51. Qe8+ Qf8 52. Qxf8+
Kxf8 53. Kf1 Ke7 54. Ke2 Ke6 55. Ke3 Kf5 56. a4 Ke5 57. a5 Kd5 58. h4 Kc5 59. h5
Kb5 60. g4 1-0

[Event "40th Olympiad Open"]
[Site "Istanbul TUR"]
[Date "2012.09.04"]
[Round "7.42"]
[Board "4"]
[White "Munoz Sanchez, Jhon"]
[Black "Kongsee, Uaychai"]
[Result "1-0"]
[WhiteElo "2262"]
[BlackElo "2273"]
[WhiteTeam "Ecuador"]
[BlackTeam "Thailand"]
[WhiteFideId "3600629"]
[BlackFideId "6200346"]
[EventDate "2012.08.28"]

1. d4 Nf6 2. c4 g6 3. Nc3 Bg7 4. e4 d6 5. f4 O-O 6. Nf3 c5 7. d5 e6 8. Be2 exd5
9. cxd5 Re8 10. e5 dxe5 11. fxe5 Ng4 12. Bg5 Qb6 13. O-O Nxe5 14. d6 Nxf3+ 15.
Bxf3 Bd4+ 16. Kh1 Qxd6 17. Bd5 Re6 18. Qf3 Qf8 19. Bxe6 Bxe6 20. Qxb7 Nd7 21.
Rae1 Qb8 22. Qe4 Nb6 23. Bf6 Bxf6 24. Rxf6 Qd6 25. Rd1 Qe7 26. Rff1 Re8 27. h3
f5 28. Qf4 g5 29. Qd6 Nc4 30. Qxe7 Rxe7 31. Rf2 Ne3 32. Rd8+ Kg7 33. g3 Bd7 34.
Kg1 Be6 35. Rd6 Bf7 36. b3 h5 37. Rfd2 Be6 38. Kf2 f4 39. gxf4 Bxh3 40. Nd5 Nxd5
41. R6xd5 g4 42. Rxh5 Re4 43. Kg3 c4 44. bxc4 Rxc4 45. Ra5 Rc7 46. Rd6 Bf1 47.
Kxg4 a6 48. Kg5 Kf8 49. f5 Rg7+ 50. Rg6 Rc7 51. Raxa6 Bxa6 52. Rxa6 Rg7+ 53. Kf6
Rf7+ 54. Ke5 Re7+ 55. Kf4 Kf7 56. Kg5 1-0

[Event "40th Olympiad Open"]
[Site "Istanbul TUR"]
[Date "2012.09.04"]
[Round "7.43"]
[Board "2"]
[White "Croad, Nicolas"]
[Black "Samhouri, Bilal"]
[Result "1/2-1/2"]
[WhiteTitle "FM"]
[BlackTitle "FM"]
[WhiteElo "2255"]
[BlackElo "2244"]
[WhiteTeam "New Zealand"]
[BlackTeam "Jordan"]
[WhiteFideId "4300793"]
[BlackFideId "8100942"]
[EventDate "2012.08.28"]

1. d4 Nf6 2. c4 c5 3. d5 b5 4. cxb5 a6 5. f3 e6 6. e4 exd5 7. e5 Qe7 8. Qe2 Ng8
9. Nc3 Bb7 10. Nh3 c4 11. Nf4 Qc5 12. Nfxd5 Bxd5 13. Be3 Qb4 14. a3 Qa5 15. Bd2
Be6 16. Nd5 Qd8 17. Qxc4 Ra7 18. Rc1 Bxd5 19. Qxd5 axb5 20. Bxb5 Ne7 21. Qe4
Nec6 22. a4 Be7 23. O-O O-O 24. f4 Re8 25. Be3 Rb7 26. Rfd1 Qa5 27. Qd5 Bb4 28.
Kh1 Rc7 29. Qe4 Rb7 30. Rd5 Qa8 31. f5 Bf8 32. Bc4 Qxa4 33. Rxd7 Rxd7 34. Bxf7+
Rxf7 35. Qxa4 Rxe5 36. Bf4 Rexf5 37. g3 R5f6 38. b4 Rxf4 39. gxf4 Nxb4 40. Rc8
N4c6 41. Qc4 g6 42. Qb3 Kg7 43. Rxb8 Nxb8 44. Qxb8 Rf6 45. Qc7+ Kh6 46. Kg2 Rf5
47. h3 Bc5 48. Qd7 Be3 49. Qe7 Bxf4 50. Qh4+ Kg7 51. Qe7+ Rf7 52. Qd8 h5 53.
Qd4+ Kh7 54. Qc4 Rf5 55. Qe6 Kh6 56. Qe7 Be5 57. Qd8 Bf6 58. Qf8+ Kg5 59. Qd6
Be5 60. Qd8+ Kh6 61. Qe7 Rg5+ 62. Kh1 h4 63. Qf8+ Kh5 64. Qf3+ Kh6 65. Qf8+ Kh7
66. Qe7+ Kh6 67. Qf8+ Bg7 68. Qf4 Kh5 69. Qf3+ Kh6 1/2-1/2

[Event "40th Olympiad Open"]
[Site "Istanbul TUR"]
[Date "2012.09.04"]
[Round "7.43"]
[Board "4"]
[White "Li, Zuhao Luke"]
[Black "Aboudi, Marwan"]
[Result "1-0"]
[WhiteElo "2227"]
[BlackElo "2160"]
[WhiteTeam "New Zealand"]
[BlackTeam "Jordan"]
[WhiteFideId "4303431"]
[BlackFideId "8100160"]
[EventDate "2012.08.28"]

1. d4 d5 2. c4 e6 3. Nc3 Be7 4. Bf4 Nf6 5. e3 O-O 6. Nf3 c5 7. dxc5 Bxc5 8. cxd5
Nxd5 9. Nxd5 exd5 10. Bd3 Bb4+ 11. Nd2 Nc6 12. O-O d4 13. e4 Bd6 14. Bxd6 Qxd6
15. Nc4 Qf4 16. Qc1 Qxc1 17. Raxc1 Rd8 18. f4 f6 19. a3 Be6 20. b4 Rac8 21. h3
Kf8 22. e5 Bxc4 23. Rxc4 fxe5 24. Bxh7 exf4 25. Bf5 Rb8 26. Rxf4 Ke7 27. b5 d3
28. bxc6 d2 29. Rce4+ Kd6 30. Rd4+ Kc5 31. Rxd2 Rxd2 32. c7 Rf8 33. c8=R+ Kd5 1-0